Memorandum To Parliament Submitted By Ken Ofori Atta (Minister For Finance) Title: Request For Tax And Duty Waiver On Materials/Goods And Equipment To Be Imported For The Construction And Equipping Of A 40-Bed District Hospital At Ayensuano, Effiduase And Offinso And The Completion And Equipping Of The Old Tafo Maternity And Kumasi South Maternity Blocks (Record no. 2597)

MARC details
000 -LEADER
fixed length control field 00806nam a2200181Ia 4500
003 - CONTROL NUMBER IDENTIFIER
control field OSt
005 - DATE AND TIME OF LATEST TRANSACTION
control field 20250714102325.0
008 - FIXED-LENGTH DATA ELEMENTS--GENERAL INFORMATION
fixed length control field 240429s9999||||xx |||||||||||||| ||und||
041 ## - LANGUAGE CODE
Language code of text/sound track or separate title English
082 ## - DEWEY DECIMAL CLASSIFICATION NUMBER
Classification number RW/40BED/22
110 ## - MAIN ENTRY--CORPORATE NAME
Corporate name or jurisdiction name as entry element Ministry Of Finance
245 #0 - TITLE STATEMENT
Title Memorandum To Parliament Submitted By Ken Ofori Atta (Minister For Finance) Title: Request For Tax And Duty Waiver On Materials/Goods And Equipment To Be Imported For The Construction And Equipping Of A 40-Bed District Hospital At Ayensuano, Effiduase And Offinso And The Completion And Equipping Of The Old Tafo Maternity And Kumasi South Maternity Blocks
260 ## - PUBLICATION, DISTRIBUTION, ETC.
Place of publication, distribution, etc. Accra
Name of publisher, distributor, etc. Parliament Of Ghana
Date of publication, distribution, etc. 2022
300 ## - PHYSICAL DESCRIPTION
Extent 26p:tabs
653 ## - INDEX TERM--UNCONTROLLED
Uncontrolled term Old Tafo Maternity And Kumasi South Maternity Blocks
942 ## - ADDED ENTRY ELEMENTS (KOHA)
Koha item type Memorandum
Suppress in OPAC No
Source of classification or shelving scheme Dewey Decimal Classification
Holdings
Withdrawn status Lost status Source of classification or shelving scheme Damaged status Not for loan Home library Current library Shelving location Date acquired Total checkouts Full call number Date last seen Copy number Price effective from Koha item type
    Dewey Decimal Classification     Main Library Main Library Open Shelves 15/02/2023   Acc. No. 4947 PM/DH/22 29/04/2024 1 29/04/2024 Memorandum
    Dewey Decimal Classification     Main Library Main Library Open Shelves 14/07/2025   Acc. No. 4948 PM/DH/22 14/07/2025 2 14/07/2025 Memorandum
    Dewey Decimal Classification     Main Library Main Library Open Shelves 14/07/2025   Acc. No. 4949 PM/DH/22 14/07/2025 3 14/07/2025 Memorandum
    Dewey Decimal Classification     Main Library Main Library Open Shelves 14/07/2025   Acc. No. 4949 PM/DH/22 14/07/2025 4 14/07/2025 Memorandum
©2026  Parliament of Ghana Library - All rights reserved